• 首页
  • 本馆介绍
  • 公告通知
  • 最新文献
  • 馆藏检索
  • 电子资源
  • 读者导购
  • 参考咨询
  • 我的图书馆
  • 登录
  • 详细信息显示
  • 放入我的书架
  • 预约/预借图书
  • 作者相关作品
  • 分类相关作品
  • 丛书相关作品
  • 出版社相关作品

书目信息

  • 表格格式
  • 工作单格式
  • 卡片格式
题名:
财会人员计算机速成教程
    
 
作者: 胡维华 , 周必水 编著
分册:  
出版信息: 杭州   杭州大学出版社  1994
页数: 308页
开本: 20cm
丛书名: 电脑学习20天速成丛书
单 册:
中图分类: F232
科图分类: 29.87
主题词: 商用计算机--教材
电子资源:
ISBN: 7-81035-359-4
000 00830nnam 2200265 45
001 0196016281
005 20070713084907.54
010    @a7-81035-359-4@dCNY9.00
100    @a19950709e19951994em y0chiy0121 ea
101 0  @achi
102    @aCN@b330000
105    @ay z 000yy
200 10 @a财会人员计算机速成教程@ACAI KUAI REN YUAN JI SUAN JI SU CHENG JIAO CHENG@f胡维华,周必水编著@FHU WEI HUA , ZHOU BI SHUI BIAN ZHU
210    @a杭州@c杭州大学出版社@d1994@h1995重印
215    @a308页@d20cm
225 2  @a电脑学习20天速成丛书
410  0 @120010@a电脑学习20天速成丛书
540 1  @a财会 计算机@ACAI KUAI JI SUAN JI
606    @a商用计算机@x教材
690    @aF232
692    @a29.87
701  0 @a胡维华@AHU WEI HUA@4编著
701  0 @a周必水@AZHOU BI SHUI@4编著
801  0 @aCN@bTSSF@c20070713
905    @a10447@dF232@e264
    
    财会人员计算机速成教程/胡维华,周必水编著.-杭州:杭州大学出版社,1994(1995重印)
    308页;20cm.-(电脑学习20天速成丛书)
    
    
    ISBN 7-81035-359-4:CNY9.00
    
●
相关链接 在E读中查询图书 在五车中查询图书 在当当中查询图书 在豆瓣中查询图书


正题名:财会人员计算机速成教程     索取号:F232/264         预约/预借

序号 登录号 条形码 馆藏地/架位号 状态 备注
1 0766062   207660627   第一样本阅览室/ [索取号:F232/264] 在馆    
唐山师范学院图书馆 欢迎您!
大连网信软件有限公司© 版权所有